• 首页
  • 本馆介绍
  • 公告通知
  • 最新文献
  • 馆藏检索
  • 电子资源
  • 读者导购
  • 参考咨询
  • 我的图书馆
  • 登录
  • 详细信息显示
  • 放入我的书架
  • 预约/预借图书
  • 作者相关作品
  • 分类相关作品
  • 丛书相关作品
  • 出版社相关作品

书目信息

  • 表格格式
  • 工作单格式
  • 卡片格式
题名:
双林寺彩塑
    
 
作者: 金维诺
分册:  
出版信息: 天津   天津人民美术出版社  2003
页数: 84
开本: 26cm
丛书名:
单 册:
中图分类: J327
科图分类:
主题词: 雕塑--中国 , 雕塑--作品--中国
电子资源:
ISBN: 7-5305-1961-1
000 00520nam0 2200193 450
001 0739037328
005 20070817105037.32
010    @a7-5305-1961-1@d¥58.00
100    @a20070817d km y0chiy0120 ea
101 0  @achi
200 1  @a双林寺彩塑@Ashuang lin si cai su@f金维诺@Fjin wei nuo
210    @a天津@c天津人民美术出版社@d2003
215    @a84@d26cm
606 0  @a雕塑@x中国
606 0  @a雕塑@x作品@x中国
690    @aJ327@v3
701  0 @a金维诺@Ajin wei nuo
801  0 @aCN@bPFT@c20070817
905    @a213230@dJ327@eM1
    
    双林寺彩塑/金维诺.-天津:天津人民美术出版社,2003
    84;26cm
    
    
    ISBN 7-5305-1961-1:¥58.00
    
●
相关链接 在E读中查询图书 在五车中查询图书 在当当中查询图书 在豆瓣中查询图书


正题名:双林寺彩塑     索取号:J327/M1         预约/预借

序号 登录号 条形码 馆藏地/架位号 状态 备注
1 6400504   264005043   美术系资料室/ [索取号:J327/M1] 在馆    
唐山师范学院图书馆 欢迎您!
大连网信软件有限公司© 版权所有